El futuro de la integración de la Comunidad Andina, Mercosur y la alianza para el Pacífico /

Detalles Bibliográficos
Autores principales: Blanco Cruz, Luis Armando (Autor), Moscoso Durán, Fabio Fernando (Autor), Libreros Amaya, Julián Marcel (Autor)
Formato: Electrónico eBook
Lenguaje:español
Publicado: Bogotá, D.C. : Universidad EAN, 2016.
Materias:
Acceso en línea:Digitalia Hispánica

MARC

LEADER 00000nam a2200000 i 4500
001 DIGUEAN0020
003 NyNyDIG
006 m o d
007 cr |||||||||||
008 240104s2016 ck a ob 000 0 spa d
035 |a (OCoLC)1419043990 
040 |a DGITA  |b eng  |e rda  |e pn  |c DGITA 
020 |a 9789587564426  |q eBook 
020 |z 9789587564419 
043 |a cl----- 
050 1 4 |a HF1418.5 ebook 
100 1 |a Blanco Cruz, Luis Armando,  |e author. 
245 1 3 |a El futuro de la integración de la Comunidad Andina, Mercosur y la alianza para el Pacífico /  |c Luis Armando Blanco Cruz, Fabio Fernando Moscoso Durán, Julián Marcel Libreros Amaya. 
264 1 |a Bogotá, D.C. :  |b Universidad EAN,  |c 2016. 
300 |a 1 online resource :  |b illustrations. 
336 |a text  |b txt  |2 rdacontent 
337 |a computer file  |b c  |2 rdamedia 
338 |a online resource  |b cr  |2 rdacarrier 
347 |a text file  |2 rdaft 
347 |b PDF 
504 |a Includes bibliographical references. 
588 0 |a Online resource; title from PDF title page (Digitalia, viewed January 4, 2024) 
650 0 |a International economic integration  |z Latin America. 
650 0 |a Competition  |x Economic aspects. 
700 1 |a Moscoso Durán, Fabio Fernando,  |e author. 
700 1 |a Libreros Amaya, Julián Marcel,  |e author. 
776 0 8 |i Print version:  |a Blanco Cruz, Luis Armando.  |t Futuro de la integración de la Comunidad Andina, Mercosur y la alianza para el Pacífico.  |d Bogotá, D.C. : Universidad EAN, 2016  |z 9789587564419 
791 2 |a Digitalia (Firm),  |e distributor. 
793 0 |g Digitalia eBook Collection:  |a Universidad EAN 
856 4 0 |3 Digitalia Hispánica  |u https://www.digitaliapublishing.com/a/133047/ 
910 |a Premium collection: 2024